Name the Weapon - Statistics

General Stats
  • This quiz has been taken 27 times
  • The average score is 5 of 16
Answer Stats
Picture Answer % Correct
Boomerang
100%
Molotov Cocktail
88%
Flintlock Pistol
46%
Battering Ram
42%
Greek Fire
42%
Sai
38%
Zweihänder
27%
Composite Bow
23%
M1 Abrams
23%
Scorpio
23%
Pilum
15%
Claw of Archimedes
8%
Pipe Tomahawk
8%
Falx
4%
Macuahuitl
4%
Urumi
4%
No matching quizzes found
Score Distribution
Percent of People with Each Score
Percentile by Number Answered
Your Score History
You have not taken this quiz